00786nam a2200217 i 4500001000300000245015500003260005600158300004900214504002300263650003400286650001400320700002900334700002300363040000800386041000800394044000800402080001000410080000900420008004100429856009800470bg00aSłownik towaroznawczy.nT. 9,pWł-Ź oraz indeks alfabetyczny do tomów I-IX /c[red. nacz. Wacław Walewski ; aut. tomu Zenon Bagiński et al.]. aWarszawa :bPolskie Wydawnictwa Gospodarcze,c1960. a[6] s., łamy 5-916, 318 s. :bil. ;c25 cm. aIndeks s. [1-318]. 4aTowaroznawstwoxterminologia. 4aSłowniki1 aWalewski, Wacław.eRed.1 aBagiński, Zenon. cBPK apol aPOL a620.2 a(03)110408s1960 pl a |000 0 pol  uhttp://koha.tu.koszalin.pl/cgi-bin/koha/opac-detail.pl?biblionumber=49729yKatalog online BPK